| 000 | 00651cab a2200229 4500 | ||
|---|---|---|---|
| 001 | ABS55881 | ||
| 008 | 090401t1996 xxu||||| |||| 00| 0 eng d | ||
| 035 | _a(Sirsi) u19389 | ||
| 041 | _aeng | ||
| 245 | 4 | _aThe Party Wall Act 1996 | |
| 260 | _c1996 | ||
| 350 | _a0 | ||
| 490 |
_aLaw Society`s Gazette _v93/33 12 September 1996, 26(1) |
||
| 520 | _aA brief summary of the main sections of the Party Wall Act 1996. | ||
| 650 |
_aBoundary disputes _96221 |
||
| 650 | _aPARTY STRUCTURE NOTICES | ||
| 650 | _aPARTY WALL ETC ACT 1996 | ||
| 650 |
_aParty walls _96258 |
||
| 690 | _aPROPERTY LAW AND PRACTICE | ||
| 942 | _n0 | ||
| 948 | _c04/03/1997 | ||
| 999 |
_c12938 _d12938 |
||